000 00750nam a22002417a 4500
999 _c170914
_d170914
005 20191230153048.0
010 _aB-29315
020 _c150.00
035 _aB-29315
037 _bBPPD/Pub.
082 _a841.08
100 _aنزیر احمد
245 _aمیر تقی میر :
_bتنقیدی و تحقیقی جایزے /
_cنزیر احمد
246 _aMeer Taqi Meer: Tanqidi wa Tehqiqi Jaizay /
_bby Nazeer Ahmed
260 _c2000 ء
_aNew Delhi
_bGhalib Institute
270 _aGhalib Marg
_bNew Delhi
_e110002
300 _a432p.
_c21cm(Hb)
650 _a ادب - اردو
650 _a اردو شاعری
650 _aLiterature -- Urdu
650 _aUrdu poetry
942 _2ddc
_cUR
_h841.08
_mم ی ر